000 00753nam a2200253 i 4500
001 C2-0116394
003 PPAK
005 20180727105814.0
008 970721s1993 my |||| ||||| | may d
040 _aPPAK
_beng
_cPPAK
_erda
082 0 4 _a297.1241
_223
090 0 0 _a297.1241
_bTAR
_dG
245 0 0 _aTarjamah Shahih Bukhari 8
264 1 _aKuala Lumpur :
_bAsy - Syifa' Darulfikir ,
_c1993
300 _aiii, 686 pages ;
_c21 cm
336 _2rdacontent
_atext
337 _2rdamedia
_aunmediated
338 _2rdacarrier
_avolume
500 _aJilid VIII
650 1 0 _aHadith - Criticism, interpretation, etc.
700 0 _aAbu Abdullah Muhammad bin Ismail Al-Bukhari,
_ecompile
700 0 _aAchmad Sunarto,
_etranslator.
942 _ddc
_cB
999 _c30582
_d30582